Statistiques concernant Toutes les attaques de Magicarpe

Cliquez ici pour prendre le quiz!

Statistiques générales

  • Ce quiz a été pris 33 fois
  • Le résultat moyen est 3 sur 7

Statistiques - réponses

Type de quizPuissanceAttaque% Correct
NormalSTATUTTrempette
100%
Normal40Charge
85%
Eau110Hydrocanon
61%
Vol85Rebond
39%
Normal?Gigotage
18%
NormalSTATUTCélébration
6%
NormalSTATUTEtrennes
3%

Distribution des résultats

Percentile par nombre de réponses

% des personnes avec chaque résultat

Votre développement - résultats

Vous n’avez pas pris ce quiz